Rychlá desetinná až binární konverze - Statistics

General Stats
  • This quiz has been taken 61 times
  • The average score is 10 of 20
Answer Stats
desetinná binární % Correct
47 101111
100%
25 11001
100%
54 110110
100%
1 1
67%
35 100011
67%
51 110011
67%
59 111011
67%
8 1000
64%
6 110
63%
22 10110
60%
63 111111
60%
9 1001
57%
3 11
57%
5 101
56%
4 100
54%
2 10
50%
16 10000
50%
10 1010
50%
45 101101
50%
13 1101
50%
52 110100
50%
53 110101
50%
21 10101
45%
19 10011
40%
15 1111
38%
38 100110
33%
20 10100
33%
43 101011
33%
44 101100
33%
46 101110
33%
27 11011
33%
57 111001
33%
14 1110
30%
7 111
27%
41 101001
25%
11 1011
25%
48 110000
25%
56 111000
25%
24 11000
20%
18 10010
17%
50 110010
17%
60 111100
17%
12 1100
14%
17 10001
13%
32 100000
0%
33 100001
0%
34 100010
0%
36 100100
0%
37 100101
0%
39 100111
0%
40 101000
0%
42 101010
0%
23 10111
0%
49 110001
0%
26 11010
0%
55 110111
0%
28 11100
0%
29 11101
0%
58 111010
0%
30 11110
0%
61 111101
0%
31 11111
0%
62 111110
0%
No matching quizzes found
Score Distribution
Percent of People with Each Score
Percentile by Number Answered
Your Score History
You have not taken this quiz